Club ayant le plus de victoire en Ligue 1 par région - Statistiques

Statistiques générales
  • Ce quiz a été pris 421 fois
  • Le résultat moyen est 11 sur 13
Statistiques - réponses
Région Victoire Club % Correct
Provence-Alpes-Côte d'Azur 1201 Olympique de Marseille
99%
Île de France 951 Paris Saint-Germain
99%
Hauts-de-France 928 LOSC Lille
97%
Bretagne 862 Stade Rennais
97%
Nouvelle-Aquitaine 1075 Girondins de Bordeaux
94%
Grand Est 783 RC Strasbourg
94%
Corse 433 SC Bastia
92%
Pays de la Loire 873 FC Nantes
91%
Auvergne Rhône-Alpes 1068 AS Saint-Etienne
90%
Occitanie 511 Montpellier HSC
81%
Normandie 272 Le Havre AC
75%
Bourgogne Franche-Comté 858 FC Sochaux Montbéliard
55%
Centre Val-de-Loire 44 Tours FC
51%
Aucun quiz correspondant
Distribution des résultats
% des personnes avec chaque résultat
Percentile par nombre de réponses
Votre historique - résultats
Vous n’avez pas pris ce quiz